1633 1377 1065 1534 1096 1374 1756 1553 1984 1768 1385 1748 1525 1463 1659 1575 1721 1408 1754 1505 1206 1006 1019 1622 1265 1821 1684 1364 1968 1105 1688 1917 1633 1195 1266 1236 1579 1435 1803 1601 1446 1718 1992 1339 1909 1584 1126 1005 1826 1145 1902 1566 1624 1079 1058 1494 1101 1635 1292 1050 1420 1798 1136 1305 1004 1054 1832 1386 1621 1883 1145 1183 1587 1339 1792 1080 1025 1758 1681 1123 1513 1591 1797 1802 1442 1096 1059 1834 1097 1527 1564 1100 1485 1751 1921 1851 1051 1779 1419 BCNSPRNW ULIB Ver.6.0+V

เปลี่ยนเป็นภาษาไทย

Change to English
 แสดงรายละเอียดบรรณานุกรม
  กลับหน้าหลัก

Brief Record : Get Marc (ISO 2709) : E-mail record : QR code < ปิดหน้าต่าง
LEADER : 00000nam 2200000uu 4500
001    13399122609
003     ULIB
008    130815s2555||||th 000 0 tha d
020    ^a9786167443713
060 04 ^aWP840^bก125ต 2555
100 0  ^aกนกอร บุญพิทักษ์
245 10 ^aเต้านม :^bโรคต้องรู้และการดูแลรักษา /^cกนกอร บุญพิทักษ์
260    ^aกรุงเทพฯ :^bFeel good publishing,^c2555
300    ^a224 หน้า :^bภาพประกอบ ;^c21 ซม.
650  4 ^aเต้านม, โรค^xการวินิจฉัย
650  4 ^aเต้านม, โรค^xการรักษา
650  4 ^aเต้านม^xมะเร็ง^xการรักษา
650  4 ^aเต้านม, เนื้องอก^xการรักษา
945    ^p170^l0^i033741
945    ^p170^l0^i033742
945    ^p170^l0^i033743
999    ^aเกษร โพธิ์สุวรรณ
รายการนี้ยังไม่มีแท็ก
คุณยังไม่ได้ล็อกอิน คุณสามารถมีกิจกรรมร่วมกับเว็บไซต์ได้ แต่ต้องล็อกอินก่อน ::
  ล็อกอิน

รายการสื่อสารสนเทศ

ลำดับที่ ประเภท เลขเรียก/บาร์โค้ด สถานที่ สถานะ
1. วิทยาศาสตร์การแพทย์ และสุขภาพ
หนังสือสำรอง
สถานะ=หนังสือสำรอง
WP840 ก125ต 2555 ฉ.1 
  Barcode: 033741
ห้องสมุดวิทยาเขตสวรรค์ประชารักษ์
►ส่วนจัดเก็บหนังสือเก่า สปร
บนชั้น
  ขอยืม
2. วิทยาศาสตร์การแพทย์ และสุขภาพ
วิทยาศาสตร์การแพทย์ และสุขภาพ
WP840 ก125ต 2555 ฉ.2 
  Barcode: 033742
ห้องสมุดวิทยาเขตสวรรค์ประชารักษ์
►ส่วนจัดเก็บหนังสือเก่า สปร
บนชั้น
  ขอยืม
3. วิทยาศาสตร์การแพทย์ และสุขภาพ
วิทยาศาสตร์การแพทย์ และสุขภาพ
WP840 ก125ต 2555 ฉ.3 
  Barcode: 033743
ห้องสมุดวิทยาเขตสวรรค์ประชารักษ์
►ส่วนจัดเก็บหนังสือเก่า สปร
บนชั้น
  ขอยืม

รายการใกล้เคียง
    ผู้แต่ง [กนกอร บุญพิทักษ์]

BibComment


ยังไม่เคยถูกคอมเมนท์

คอมเมนท์ทรัพยากรรายการนี้
  คอมเมนท์: เต้านม โรคต้องร..


 Copyright 2026. Bcnsprnw @Library